German words A1.1 (Lektion 2) - Statistics

General Stats
  • This quiz has been taken 29 times
    20 since last reset
  • The average score is 23 of 50
Answer Stats
In German In English % Correct
Universität, die, -en University
100%
Job, der, -s Job
92%
Schule, die, -n School
92%
In In
83%
Journalist, der, -en Journalist
83%
Student, der, -en Student
83%
Was? What?
83%
Wo? Where?
83%
Architekt, der, -en Architect
75%
Lehrer, der Teacher
75%
Jahre, das, -e Year
75%
Schauspieler, der Actor
67%
Kind, das, -er Child, Kid
67%
Sekretär, der, -e Secretary
67%
Super Super
67%
Haben (To) have
67%
Leben (To) live
67%
Aber But, however
58%
Ingenieur, der, -e Engineer
58%
Falsch False, incorrect
58%
Nein No, negative
58%
Kein No, not a, not any
58%
Krankenschwester, die, -n Nurse
58%
Richtig Right, correct
58%
Kellner, der Waiter
58%
Arzt, der, Ärzte Doctor
50%
Arbeitslos Jobless, unemployed
42%
Mechatroniker, der Mechanic engineer
42%
Zusammenleben (To) live together
42%
Arbeitgeber, der Employer
33%
Beruf, der, -e Profession, occupation
33%
Machen (To) make
33%
Friseur, der, -e Hairdresser, barber
25%
Verheiratet Married
25%
Schüler, der Pupil, scholar
25%
Arbeiten als, arbeiten bei (To) work as, work at
25%
Geschieden Divorced
17%
Glauben (To) believe
17%
Jahre alt sein (To) be years old
17%
Allein leben (To) live alone
17%
Studieren (To) study
17%
Alter, das Age
8%
Hochschule, die, -n College
8%
Praktikum, das, Praktika Internship
8%
Verkäufer, der Salesperson
8%
Wohnen in (To) live in, to stay in, to reside in
8%
Von Beruf By profession
0%
Ausbildung, die, -en Education, professional training
0%
Familienstand, der Family status
0%
Stelle, die, -n Place, point, site
0%
No matching quizzes found
Score Distribution
Percent of People with Each Score
Percentile by Number Answered
Your Score History
You have not taken this quiz since the last reset